| 000 | 00545nam a22001817a 4500 | ||
|---|---|---|---|
| 003 | OSt | ||
| 005 | 20160822145940.0 | ||
| 008 | 160822b xxu||||| |||| 00| 0 eng d | ||
| 020 | _a9780521700139 | ||
| 040 | _cWE 140M931m 2008. | ||
| 100 |
_aMurray,R.D.James; Holmes,J.Erskine;Misra,Rakesh,R; _910835 |
||
| 245 | _aA-Z of Musculoskeletal and Trauma Radiology; | ||
| 260 |
_aNew York. _bCambridge University Press. _c2008. |
||
| 300 |
_axvi,344p; _bill; _c25cm. |
||
| 504 | _aincludes index. | ||
| 650 |
_aRadiology. _947 |
||
| 942 |
_2z _cO_SHELF |
||
| 999 |
_c5052 _d5052 |
||